006850000a22001690004500090001400000245005800014650003400072650003100106650004000137041001300177700003000190100003300220942001300253773004100266999001700307952019100324 aARb0195210aLong-term ecological research and the invisible place14aEcología del paisaje99222714aEscalas de analisis99541114aMétodos de investigación9928590 aInglés1 aSparks, Richard E.9954121 aSwanson, Frederick J.916465 cARTICULO1 tBioscience316h7q502-508d1990g40 c11029d11029 001040718HEMEROTECAaBogotabBogotad2015-02-27eInstituto de Ciencias NaturaleshFuera de circulaciónl0oAR 01952p012324r2015-03-25 00:00:00t1w2015-03-25xDonaciónyARTICULO